Biennale Architettura 2016 28.05-27. 11 Venice: reporting from the front. Participating countries collateral events

Enregistré dans:
Détails bibliographiques
Format: Livre
Langue:anglais
italien
Publié: Venecia Marsilio 2016
Collection:La Binnale di Venezia. Mostra Internazionale di Architettura
Sujets:
Tags: Ajouter un tag
Pas de tags, Soyez le premier à ajouter un tag!

MARC

LEADER 00000cam a2200000 a 4500
001 UCC0884
003 CL-VaPUC
005 20240625130844.0
008 170908e20160500it 1 eng d
999 |c 384914  |d 384912 
020 |a 978883172377 (v.1) 
020 |a 978883172409 (v.2) 
040 |c Pontificia Universidad Católica de Valparaíso 
041 0 7 |a eng  |2 CL-VaPUC 
041 0 7 |a ita  |2 CL-VaPUC 
082 0 4 |a 720 BIE 2016  |2 21 
245 1 0 |a Biennale Architettura 2016 28.05-27. 11 Venice: reporting from the front. Participating countries collateral events 
246 1 0 |a Partecipazioni nazionali eventi collaterali 
260 |a Venecia  |b Marsilio  |c 2016 
300 |a 2 v 
490 0 |a La Binnale di Venezia. Mostra Internazionale di Architettura 
505 |a v.1: Participating countries collateral events. v.2: Partecipazioni nazionali eventi collaterali 
518 |p Biennale Architettura, 11, Venecia, 28 de mayo-27 de noviembre de 2016 
546 |a En Inglés 
546 |a En Italiano 
583 |a last modification  |c 20190909 09:54:53  |k Rodrigo Vera 
650 0 0 |a Arquitectura contemporánea  |9 367350 
650 0 0 |a Patrimonio arquitectónico  |9 488599 
650 0 0 |a Diseño arquitectónico   |9 265271 
650 0 0 |a Bienal  |9 557313 
942 |c BK  |2 ddc 
945 |a arojas  |d 20170908 13:53:00 
952 |0 0  |1 0  |2 ddc  |3 erb  |4 0  |6 720_000000000000000_BIE_2016  |7 0  |8 P  |9 507921  |a BIBARQ  |b BIBARQ  |h v.1  |i 5421179  |o 720 BIE 2016  |p 5421179  |r 2025-01-20  |t 1  |w 2020-01-23  |y BK  |z Catalogado en:20170908  |k ARQ 
952 |0 0  |1 0  |2 ddc  |3 erb  |4 0  |6 720_000000000000000_BIE_2016  |7 0  |8 P  |9 507922  |a BIBARQ  |b BIBARQ  |h v.2  |i 5421284  |o 720 BIE 2016  |p 5421284  |r 2025-01-20  |t 1  |w 2020-01-23  |y BK  |z Catalogado en:20170908  |k ARQ